000 01279nas0a22003251i 4500
001 RU\NLR\DRGNLR\1193
005 20240725030957.0
035 _a(NLR Aleph) 010309764
090 _a10632970
_c10632970
100 _a20080514b18821884u y0rusy50 ca
101 0 _arus
102 _aRU
110 _acya||||||||
200 1 _aГородской листок
_fЗа изд. и ред. С.А.Гисcи
210 _aКазань
_d1882, 1 июня - 1884, 23 июня
430 0 _12001#$aКазанский листок для справок и известий
_tКазанский листок для справок и известий
540 1 _aГородской листок
702 1 _aГисси
_bС.А.
801 0 _aRU
_bNLR
_c20080514
_gPSBO
_2gzdor_isis
801 2 _aRU
_bNLR
_c20080514
_gPSBO
_2rusmarc
852 _aNLR
_j1-Р/1-К-13
942 _cNEWSPAPER
980 _aDRG